| 000 | 00644nam a22001697a 4500 | ||
|---|---|---|---|
| 008 | 160428b xxu||||| |||| 00| 0 eng d | ||
| 050 | _aBX900.M345 | ||
| 100 |
_aMarkham, James J. _924258 |
||
| 245 |
_aThe Sacred congregation of seminaries and universities of studies _c/Rev. James J. Markham |
||
| 260 |
_aWashington _bCatholic University of America Press _c1957 |
||
| 300 |
_aviii,184p. ; _c23cm. |
||
| 440 |
_aThe Catholic University of America Canon Law studies _n384 _924259 |
||
| 500 | _aThesis | ||
| 650 |
_aCatholic church _xCongregation of seminaries _924260 |
||
| 650 |
_aCatholic church _xSeminaries _924261 |
||
| 942 |
_2lcc _cMONOGRAPH |
||
| 999 |
_c124769 _d124769 |
||